000 01840nam a2200397 c 4500
003 BLK
005 20241227103712.0
008 180408b bul|||||r ||||||| ||bul||
010 _aKNG00084438000
020 _a978-954-340-098-0
_bиздат.: Ню медиа груп
040 _aBLK
041 _aBUL
_cBUL
080 _aВътрешна политика. Вж и 329
_b323
_x(497.2)(092)
_z323(497.2)(092)
080 _aСпециална част на наказателното право. Видове наказуеми действия - Срещу собствена или чужда държава и управлението, политически престъпления,геноцид(прав.аспекти), наркотрафик, против мира, обществен
_b343.3/.7
_x(497.2)(092)
_z343.3/.7(497.2)(092)
080 _aБългарски предприемач, милионер
_b929 Павлов, Илия
_x
_z929 Павлов, Илия
139 _aИлия Павлов
_bП 13
245 1 0 _aИлия Павлов
257 _aBGR
260 София
_bНю медиа груп
_c2008
_fСофия : Мултипринт
300 _a128 с.
_bсъс сн.
_c20 см
380 _a3
490 1 _aКолекция Убитите босове
_v2
600 1 4 _aПавлов, Илия
_9299405
650 4 _aМафия - България
_9250884
650 4 _aПрочути личности, български
_9261431
651 4 _aБългария
_9241624
653 _aпредприемачи
653 _aмилионери
653 _aИлия Павлов
852 _aЦб 240512
856 4 _qpdf
_u
856 4 _qpdf
_u
942 _cKNG
_n0
_05
944 _aCR
_c11.07.2008
_lИваничка Йорданова
_k30553
944 _aED
_c12.08.2011
_lф /
_k
999 _c79955
_d79955